|
|
|
|
| LEADER |
00000nab a2200000 a 4500 |
| 001 |
vtls009006203 |
| 003 |
SK-MaSNL |
| 005 |
20260303065730.0 |
| 008 |
140416c2007 xo |||||||||||000 b|slo |
| 015 |
|
|
|a SNBRB2007/07
|2 snkbucl
|
| 038 |
|
|
|a SNKBUCL
|
| 040 |
|
|
|a SNKBUCL
|b slo
|c SNKBUCL
|e AACR2
|
| 041 |
0 |
|
|a slo
|
| 044 |
|
|
|a xo
|c SK
|
| 080 |
|
|
|a 621.865.8
|2 2001
|
| 080 |
|
|
|a 007.52
|2 2001
|
| 245 |
0 |
0 |
|a Roboty Katana a Janome - inteligentné riešenie v automatizácii
|
| 300 |
|
|
|b Fotogr.
|
| 650 |
0 |
7 |
|a priemyselné roboty
|2 snkbucl
|9 31851
|
| 650 |
0 |
7 |
|a montážne roboty
|2 snkbucl
|9 103696
|
| 773 |
0 |
|
|t AT&P journal
|g Roč. XIV, č. 5 (2007), s. 52
|x 1335-2237
|
| 852 |
|
|
|a SNK
|b KIS3GCP
|
| 999 |
|
|
|c 1752408
|d 1754338
|